000 01428nam0a22003251 4500
001 RU\INFOCOMM_327\NLR\5000080507
005 20250614080735.0
035 _a(NLR Aleph) 010612917
090 _a10577200
_c10577200
100 _a20130326d1988 |||y0rusy50 ca
101 0 _afre
102 _aRU
105 _ay z||||
200 1 _aRencontre au sommet, Moscou, 29 mai - 2 juin 1988
_eDoc. et matériaux
210 _aM.
_cEd. de l'Agence de presse "Novosti"
_d1988
215 _a136 с., {8] л. ил., портр.
_cил., портр.
_d20 см
300 _aВ вып. дан.: Встреча в вехрах, Москва, 29 мая - 2 июня 1988 года : Документы и материалы
606 0 _aМеждународные отношения
_z1987
_2nlr_sh1
607 _aСССР
_xВзаимоотношения с Соединенными Штатами
_z1987
_jДокументы и материалы
_2nlr_sh1
607 _aСоединенные Штаты
_xВзаимоотношения с СССР
_z1987
_jДокументы и материалы
_2nlr_sh1
620 _aМосква
686 _aТ3(2)73-64(7США)
_2rubbk
686 _aТ3(7США)63-64(2)
_2rubbk
686 _aТ3(0)63-64
_2rubbk
710 1 2 _aRencontre au sommet
_eMoscou
_f1988
_4070
801 1 _aRU
_bInfocomm
_c20130326
801 0 _aRU
_bINFOCOMM
_gPSBO
852 _aNLR
_jИ25 Д-3/763
942 _cBOOK
980 _aNB